000 01334nam a22002777a 4500
005 20240305165526.0
007 cr|||| ||||
008 190718s2018 es |||||s|||| 00||0 spa d
020 _a978-84-1324-052-7
035 _a23784
040 _avLex
090 _c9043
_d9043
100 1 _aIzquierdo Muciño, Martha Elba
245 1 0 _aFomento del cooperativismo como alternativa económica y social sostenible
_h[Recurso electrónico] :
_buna visión de México y España /
_cMartha Elba Izquierdo Muciño, Vega Mª Arnáez Arce
256 _aServicio en línea
260 _aMadrid:
_bDykinson,
_c2018
300 _a1 recurso electrónico
506 1 _aDisponible solo en los productos indicados
_dvLex Global
_dvLex Global (Academic Edition, excluding Law Schools)
_dvLex Global (U.S. Academic Edition, Law Schools)
_dvLex Global (U.S. Academic Edition, excluding Law Schools)
_dvLex Global (Academic Edition, Law Schools)
650 0 4 _aDerecho Mercantil y de la Empresa
_zEspaña
650 0 4 _aInfracciones y Sanciones
_zEspaña
650 0 4 _aDerecho Público y Administrativo
_zEspaña
700 1 _aArnáez Arce, Vega Mª
740 0 _avLex Libros (Servicio en línea)
856 4 0 _uhttps://app.vlex.com/#/sources/fomento-cooperativismo-alternativa-economica-social-sostenible-vision-mexico-espa-a-23784
942 _cRAA
999 _c167280
_d167280